[Event "Pan American-ch School U15 12th"]
[Site "Callao"]
[Date "2023.10.20"]
[Round "8"]
[White "Vilcapoma Pacheco, Gabriel"]
[Black "Bendezu Yupanqui, Albert Martin"]
[Result "1-0"]
[WhiteElo "1747"]
[BlackElo "1759"]
[PlyCount "53"]
[EventDate "2023.10.16"]
[EventType "swiss"]
[EventRounds "9"]
[EventCountry "PER"]
[SourceTitle "Mega2024 Update 01"]
[Source "Chessbase"]
[SourceDate "2023.11.12"]
[SourceVersion "1"]
[SourceVersionDate "2023.11.12"]
[SourceQuality "1"]

1. d4 Nf6 2. c4 g6 3. g3 Bg7 4. Bg2 d5 5. cxd5 Nxd5 6. e4 Nb6 7. Ne2 0-0 8. Nbc3 c5 9. d5 N8d7 10. 0-0 c4 11. Be3 Ne5 12. Bd4 f5 13. f4 Nd3 14. e5 Nxb2 15. Qb1 Nd3 16. Nc1 Nxc1 17. Rxc1 Bd7 18. a4 Rb8 19. Qb4 e6 20. a5 Nc8 21. Rd1 Qe8 22. Qxc4 Kh8 23. d6 Bc6 24. Bxc6 bxc6 25. Rdb1 Rxb1+ 26. Rxb1 Rf7 27. Na4 1-0

[Event "Pan American-ch School U15 12th"]
[Site "Callao"]
[Date "2023.10.17"]
[Round "3"]
[White "Bendezu Yupanqui, Albert Martin"]
[Black "Apaza Valdivia, Alan Benjamin"]
[Result "1-0"]
[WhiteElo "1759"]
[BlackElo "1337"]
[PlyCount "49"]
[EventDate "2023.10.16"]
[EventType "swiss"]
[EventRounds "9"]
[EventCountry "PER"]
[SourceTitle "Mega2024 Update 01"]
[Source "Chessbase"]
[SourceDate "2023.11.12"]
[SourceVersion "1"]
[SourceVersionDate "2023.11.12"]
[SourceQuality "1"]

1. d4 Nf6 2. c4 g6 3. Nc3 Bg7 4. e4 d6 5. f4 0-0 6. Nf3 c5 7. d5 e6 8. Bd3 exd5 9. cxd5 Re8 10. 0-0 a6 11. a4 Nbd7 12. Re1 Qc7 13. Bc2 c4 14. Be3 Ng4 15. Bd4 f6 16. h3 Nh6 17. Qe2 Nf5 18. Bf2 Nh6 19. Nd2 Nc5 20. Qxc4 b6 21. b4 Ne6 22. dxe6 Qxc4 23. Nxc4 Bxe6 24. Nxb6 Rab8 25. Rad1 1-0

[Event "Pan American-ch School U15 12th"]
[Site "Callao"]
[Date "2023.10.16"]
[Round "2"]
[White "Vasquez Uribe, Alessandro Jose"]
[Black "Bendezu Yupanqui, Albert Martin"]
[Result "0-1"]
[WhiteElo "1170"]
[BlackElo "1759"]
[PlyCount "46"]
[EventDate "2023.10.16"]
[EventType "swiss"]
[EventRounds "9"]
[EventCountry "PER"]
[SourceTitle "Mega2024 Update 01"]
[Source "Chessbase"]
[SourceDate "2023.11.12"]
[SourceVersion "1"]
[SourceVersionDate "2023.11.12"]
[SourceQuality "1"]

1. e4 c5 2. Nf3 e6 3. d3 Nc6 4. g3 Nf6 5. Bg2 d5 6. Nbd2 Be7 7. 0-0 0-0 8. e5 Nd7 9. Re1 f6 10. exf6 Nxf6 11. c3 Qc7 12. Qe2 Bd6 13. Nb3 e5 14. d4 cxd4 15. cxd4 e4 16. Nfd2 Bg4 17. f3 exf3 18. Bxf3 Rae8 19. Qf1 Ne4 20. Nxe4 dxe4 21. Qc4+ Be6 22. d5 exf3 23. Kf2 Bf7 0-1

[Event "South America-ch 1st"]
[Site "Lima"]
[Date "2023.09.21"]
[Round "8"]
[White "Mollo, Jhoan"]
[Black "Bendezu Yupanqui, Albert Martin"]
[Result "0-1"]
[WhiteElo "1972"]
[BlackElo "1651"]
[PlyCount "50"]
[EventDate "2023.09.14"]
[EventType "swiss"]
[EventRounds "9"]
[EventCountry "PER"]
[SourceTitle "EXT 2024"]
[Source "ChessBase"]
[SourceDate "2023.10.10"]
[SourceVersion "1"]
[SourceVersionDate "2023.10.10"]
[SourceQuality "1"]

1. d4 Nf6 2. Nf3 g6 3. c3 Bg7 4. Bf4 0-0 5. e3 d5 6. Nbd2 c5 7. h3 Nc6 8. Ne5 Nd7 9. Nxd7 Bxd7 10. Nf3 cxd4 11. exd4 f6 12. Be2 Be6 13. Qd3 Qd7 14. Be3 Kh8 15. h4 Bg4 16. Ng1 Bxe2 17. Nxe2 Na5 18. Qc2 Qg4 19. h5 gxh5 20. Ng3 Nc4 21. Nxh5 Qxg2 22. Ke2 Nxe3 23. Nxf6 Qg4+ 24. Kxe3 Bh6+ 25. Rxh6 Qg5+ 0-1

[Event "South America-ch 1st"]
[Site "Lima"]
[Date "2023.09.16"]
[Round "3"]
[White "Bendezu Yupanqui, Albert Martin"]
[Black "Arevalo Perez, Luis Alexander"]
[Result "1-0"]
[WhiteElo "1651"]
[BlackElo "1927"]
[PlyCount "61"]
[EventDate "2023.09.14"]
[EventType "swiss"]
[EventRounds "9"]
[EventCountry "PER"]
[SourceTitle "EXT 2024"]
[Source "ChessBase"]
[SourceDate "2023.10.10"]
[SourceVersion "1"]
[SourceVersionDate "2023.10.10"]
[SourceQuality "1"]

1. d4 Nf6 2. c4 e6 3. Nf3 d5 4. g3 Be7 5. Bg2 0-0 6. 0-0 b6 7. Nc3 Bb7 8. Ne5 Nbd7 9. Bg5 c5 10. Nxd7 Qxd7 11. cxd5 Nxd5 12. Bxe7 Nxc3 13. bxc3 Qxe7 14. Qd3 Bxg2 15. Kxg2 Rac8 16. Rfd1 Rfd8 17. Rd2 cxd4 18. cxd4 Rc6 19. e4 Rdc8 20. Rad1 Rc3 21. Qb5 g6 22. Qe5 Qc7 23. Qf6 Qc4 24. Qf4 b5 25. d5 exd5 26. Rxd5 Re8 27. Rd8 Qe6 28. R1d6 Qe7 29. R6d7 Qf8 30. Qb8 Rc8 31. Qxc8 1-0

[Event "South America-ch 1st"]
[Site "Lima"]
[Date "2023.09.14"]
[Round "1"]
[White "Bendezu Yupanqui, Albert Martin"]
[Black "Hernandez Ojeda, Garry Anatholy"]
[Result "0-1"]
[WhiteElo "1651"]
[BlackElo "2022"]
[PlyCount "54"]
[EventDate "2023.09.14"]
[EventType "swiss"]
[EventRounds "9"]
[EventCountry "PER"]
[SourceTitle "EXT 2024"]
[Source "ChessBase"]
[SourceDate "2023.10.10"]
[SourceVersion "1"]
[SourceVersionDate "2023.10.10"]
[SourceQuality "1"]

1. d4 Nf6 2. c4 g6 3. Nc3 Bg7 4. Nf3 0-0 5. e4 d6 6. Be2 e5 7. d5 a5 8. 0-0 Ne8 9. Ne1 f5 10. f4 fxe4 11. Nxe4 exf4 12. Bg4 Bxg4 13. Qxg4 Qd7 14. Qxd7 Nxd7 15. Rb1 Nc5 16. Nxc5 Bd4+ 17. Kh1 dxc5 18. Rxf4 Nd6 19. b3 Rfe8 20. Nf3 Re2 21. Bd2 Bg7 22. Re1 Rxe1+ 23. Nxe1 Bh6 24. Rf2 Ne4 25. Bxh6 Nxf2+ 26. Kg1 Ne4 27. Bf4 c6 0-1

[Event "ECU Clasif2 U13"]
[Site "Chess.com INT"]
[Date "2020.12.18"]
[Round "9"]
[White "Ramirez Mori, Angel Farid"]
[Black "Bendezu Yupanqui, Albert Martin"]
[Result "1-0"]
[WhiteElo "1757"]
[BlackElo "1304"]
[PlyCount "20"]
[EventDate "2020.12.18"]
[EventType "swiss"]
[EventRounds "9"]
[EventCountry "ECU"]
[SourceTitle "EXT 2022"]
[Source "ChessBase"]
[SourceDate "2021.10.06"]
[SourceVersion "1"]
[SourceVersionDate "2021.10.06"]
[SourceQuality "1"]

1. e4 c5 2. Nf3 e6 3. d4 cxd4 4. Nxd4 Nc6 5. Be3 Nf6 6. Nc3 Bb4 7. Ndb5 Nxe4 8. Qg4 Nxc3 9. bxc3 Be7 10. Qxg7 Bf6 1-0